El derecho a la alimentación : (Record no. 178611)
[ view plain ]
| 000 -CABECERA | |
|---|---|
| campo de control de longitud fija | 00617nam a2200181 a 4500 |
| 005 - FECHA Y HORA DE LA ÚLTIMA TRANSACCIÓN | |
| campo de control | 20241109063732.0 |
| 008 - ELEMENTOS DE LONGITUD FIJA--INFORMACIÓN GENERAL | |
| campo de control de longitud fija | 151103s2010 mx r 000 0 spa d |
| 035 ## - NÚMERO DE CONTROL DEL SISTEMA | |
| Número de control de sistema | UPN01000206510 |
| 049 ## - COLECCIÓN | |
| Colección | CG |
| 050 #4 - SIGNATURA TOPOGRÁFICA DE LA BIBLIOTECA DEL CONGRESO | |
| Número de clasificación | TX355 |
| Número de documento/Ítem | D4.6 |
| 245 03 - MENCIÓN DE TÍTULO | |
| Título | El derecho a la alimentación : |
| Resto del título | una ventana abierta al mundo : dibujos realizados por los jóvenes para los jóvenes / |
| Mención de responsabilidad, etc. | tr. de Alessandra Silvi. |
| 260 ## - PUBLICACIÓN, DISTRIBUCIÓN, ETC. | |
| Lugar de publicación, distribución, etc. | Roma : |
| Nombre del editor, distribuidor, etc. | FAO : |
| -- | Girls Worldwide Say, |
| Fecha de publicación, distribución, etc. | [2010?] |
| 300 ## - DESCRIPCIÓN FÍSICA | |
| Extensión | 85 p. : |
| Otras características físicas | il. |
| 650 #4 - ASIENTO SECUNDARIO DE MATERIA - TERMINO TEMATICO | |
| Término de materia o nombre geográfico como elemento de entrada | Alimentos |
| Subdivisión de forma | Literatura infantil |
| 9 (RLIN) | 21621 |
| 650 #4 - ASIENTO SECUNDARIO DE MATERIA - TERMINO TEMATICO | |
| Término de materia o nombre geográfico como elemento de entrada | Nutrición |
| 9 (RLIN) | 2193 |
| 650 #4 - ASIENTO SECUNDARIO DE MATERIA - TERMINO TEMATICO | |
| Término de materia o nombre geográfico como elemento de entrada | Derechos humanos |
| 9 (RLIN) | 5797 |
| 905 ## - TIPO DE MATERIAL | |
| Tipo de material | Libro |
| Estado de retiro | Estado de pérdida | Fuente del sistema de clasificación o colocación | Estado dañado | No para préstamo | Código de colección | Localización permanente | Ubicación/localización actual | Ubicación en estantería | Total de préstamos | Clasificación | Código de barras | Fecha visto por última vez | Número de copia | Tipo de ítem Koha | Enumeración/cronología de publicación seriada |
|---|---|---|---|---|---|---|---|---|---|---|---|---|---|---|---|
| Library of Congress Classification | Colección General | Bib. Gregorio Torres Quintero | Bib. Gregorio Torres Quintero | Planta baja | TX355 D4.6 | 306644 | 31/12/2020 | 1 | Libro | ||||||
| Library of Congress Classification | Colección General | Bib. Gregorio Torres Quintero | Bib. Gregorio Torres Quintero | Planta baja | TX355 D4.6 | 306643 | 31/12/2020 | 1 | Libro | ||||||
| Library of Congress Classification | Colección General | Bib. Gregorio Torres Quintero | Bib. Gregorio Torres Quintero | Planta baja | TX355 D4.6 | 306642 | 31/12/2020 | 1 | Libro | ||||||
| Library of Congress Classification | Colección General | Bib. Gregorio Torres Quintero | Bib. Gregorio Torres Quintero | Planta baja | TX355 D4.6 | U142 | 31/12/2020 | 1 | Libro | Donación UNESCO | |||||
| Library of Congress Classification | Colección General | Bib. Gregorio Torres Quintero | Bib. Gregorio Torres Quintero | Planta baja | TX355 D4.6 | U141 | 31/12/2020 | 1 | Libro | Donación UNESCO |
